UM Logo

Understanding travel & tours essentials/ (Record no. 3498)

MARC details
000 -LEADER
fixed length control field 00521nam a22001697a 4500
008 - FIXED-LENGTH DATA ELEMENTS--GENERAL INFORMATION
fixed length control field 160718b xxu||||| |||| 00| 0 eng d
020 ## - INTERNATIONAL STANDARD BOOK NUMBER
International Standard Book Number 978-971-9905-20-2
082 ## - DEWEY DECIMAL CLASSIFICATION NUMBER
Edition number 2011
Classification number DFil 910.202
Item number L62
100 ## - MAIN ENTRY--PERSONAL NAME
9 (RLIN) 11666
Personal name Lim, Romeo D.
245 ## - TITLE STATEMENT
Title Understanding travel & tours essentials/
Statement of responsibility, etc. Romeo D. Lim.
260 ## - PUBLICATION, DISTRIBUTION, ETC. (IMPRINT)
Place of publication, distribution, etc. Manila:
Name of publisher, distributor, etc. Mindshapers Co., Inc.,
Date of publication, distribution, etc. c2011.
300 ## - PHYSICAL DESCRIPTION
Extent ix, 277 pages;
Dimensions 25 cm.
500 ## - GENERAL NOTE
General note Includes glossary and index.
650 #0 - SUBJECT ADDED ENTRY--TOPICAL TERM
9 (RLIN) 11667
Topical term or geographic name as entry element Travel
General subdivision Guides
365 ## - TRADE PRICE
Price amount 832.50
Currency code Php
942 ## - ADDED ENTRY ELEMENTS (KOHA)
Source of classification or shelving scheme Dewey Decimal Classification
Koha item type Filipiniana
Holdings
Withdrawn status Lost status Source of classification or shelving scheme Damaged status Not for loan Collection code Home library Current library Date acquired Source of acquisition Total Checkouts Full call number Barcode Date last seen Cost, replacement price Price effective from Koha item type
    Dewey Decimal Classification     Filipiniana UM Digos College - LIC UM Digos College - LIC 09/25/2014 Purchased   DFil 910.202 L62 2011 22467 05/15/2025 832.50 07/18/2016 Filipiniana